[Event "FRA-chTA U20 1011"]
[Site "France"]
[Date "2010.12.19"]
[Round "4.1"]
[White "Cabanes, Kim"]
[Black "Aflalo, Sophie"]
[Result "0-1"]
[WhiteElo "1990"]
[BlackElo "2031"]
[PlyCount "82"]
[EventDate "2010.11.21"]
[EventType "team-tourn"]
[EventRounds "7"]
[EventCountry "FRA"]
[SourceTitle "EXT 2012"]
[Source "ChessBase"]
[SourceDate "2011.11.24"]
[SourceVersion "1"]
[SourceVersionDate "2011.11.24"]
[SourceQuality "1"]
[WhiteTeam "Montpellier"]
[BlackTeam "AECE"]
[WhiteTeamCountry "FRA"]
[BlackTeamCountry "FRA"]

1. d4 Nf6 2. Bf4 g6 3. e3 Bg7 4. Be2 d6 5. Nf3 0-0 6. 0-0 Nbd7 7. h3 Ne4 8. Nbd2 Nxd2 9. Qxd2 e5 10. dxe5 dxe5 11. Bg5 Qe8 12. e4 Nc5 13. Qd5 Ne6 14. Be3 f6 15. Rad1 Qe7 16. c3 Kh8 17. b4 Nf4 18. Qd2 Nxe2+ 19. Qxe2 b6 20. a4 Bb7 21. Qc4 f5 22. Bg5 Qf7 23. Qxf7 Rxf7 24. Bd8 h6 25. exf5 gxf5 26. Bh4 Rg8 27. Ne1 e4 28. c4 Bc3 29. Nc2 f4 30. Rd8 Rxd8 31. Bxd8 Rd7 32. Bh4 Rd2 33. Na3 e3 34. Nb1 e2 35. Bf6+ Bxf6 36. Nxd2 exf1Q+ 37. Nxf1 Bc3 38. a5 Bxb4 39. axb6 cxb6 40. Nh2 h5 41. Kf1 a5 0-1

[Event "FRA-chTA U20 1011"]
[Site "France"]
[Date "2010.11.21"]
[Round "1.1"]
[White "Cabanes, Kim"]
[Black "Gelas, Christophe"]
[Result "0-1"]
[WhiteElo "1990"]
[BlackElo "2007"]
[PlyCount "74"]
[EventDate "2010.11.21"]
[EventType "team-tourn"]
[EventRounds "7"]
[EventCountry "FRA"]
[SourceTitle "EXT 2012"]
[Source "ChessBase"]
[SourceDate "2011.11.24"]
[SourceVersion "1"]
[SourceVersionDate "2011.11.24"]
[SourceQuality "1"]
[WhiteTeam "Montpellier"]
[BlackTeam "Grenoble"]
[WhiteTeamCountry "FRA"]
[BlackTeamCountry "FRA"]

1. d4 d5 2. Bf4 c5 3. c3 Nc6 4. e3 Nf6 5. Nd2 Bf5 6. Ngf3 g6 7. Qb3 Na5 8. Bb5+ Bd7 9. Qa4 a6 10. Bxd7+ Nxd7 11. dxc5 Nc6 12. Nb3 e6 13. Ne5 Ncxe5 14. Bxe5 f6 15. Bg3 Kf7 16. 0-0 Nxc5 17. Nxc5 Bxc5 18. c4 b5 19. cxb5 Qd7 20. Rac1 axb5 21. Qh4 Ra4 22. Qh6 Bf8 23. Qh3 Bd6 24. a3 h5 25. Rc2 Rc4 26. Rxc4 bxc4 27. Bxd6 Qxd6 28. Qf3 Rb8 29. Qe2 Qb6 30. Rb1 Qb3 31. e4 d4 32. Qd2 e5 33. f4 c3 34. Qf2 c2 35. Re1 d3 36. fxe5 Qb6 37. e6+ Kxe6 0-1

[Event "FRA-ch U14"]
[Site "Aix les Bains"]
[Date "2009.04.20"]
[Round "2"]
[White "Cabanes, Kim"]
[Black "Delvaux, Robin"]
[Result "1-0"]
[WhiteElo "1932"]
[BlackElo "1785"]
[PlyCount "59"]
[EventDate "2009.04.19"]
[EventType "swiss"]
[EventRounds "9"]
[EventCountry "FRA"]
[SourceTitle "CBM 130 Extra"]
[Source "ChessBase"]
[SourceDate "2009.07.02"]
[SourceVersion "2"]
[SourceVersionDate "2009.07.15"]
[SourceQuality "1"]

1. d4 d5 2. Bf4 Nc6 3. e3 Bf5 4. a3 e6 5. Nf3 Nf6 6. Bd3 Bg6 7. 0-0 Bd6 8. Bg3 Qe7 9. c4 0-0 10. Bh4 dxc4 11. Bxc4 Rfd8 12. Nc3 Na5 13. Bd3 c5 14. Bxg6 hxg6 15. Qa4 Nc6 16. dxc5 Bxc5 17. Rad1 a6 18. e4 b5 19. Rxd8+ Qxd8 20. Qc2 Qb6 21. b4 Bd4 22. Ne2 Be5 23. Rc1 Nd4 24. Nexd4 Bxd4 25. Qc8+ Qd8 26. Qxd8+ Rxd8 27. e5 Bb2 28. Rb1 Bxa3 29. exf6 gxf6 30. Bxf6 1-0

[Event "FRA-chT U20 0809"]
[Site "Sautron"]
[Date "2009.01.04"]
[Round "7.3"]
[White "Cabanes, Kim"]
[Black "Gueriche, Guillaume"]
[Result "1/2-1/2"]
[WhiteElo "1925"]
[BlackElo "1959"]
[PlyCount "41"]
[EventDate "2008.10.??"]
[EventType "team-tourn"]
[EventRounds "11"]
[EventCountry "FRA"]
[SourceTitle "EXT 2010"]
[Source "ChessBase"]
[SourceDate "2010.11.25"]
[SourceVersion "1"]
[SourceVersionDate "2010.11.25"]
[SourceQuality "1"]

1. e4 c5 2. Nf3 e6 3. d4 cxd4 4. Nxd4 a6 5. c4 Qc7 6. Bd3 Nc6 7. Nb3 Bd6 8. h3 b6 9. 0-0 Bb7 10. f4 Nb4 11. Be3 Ne7 12. e5 Bc5 13. Nxc5 bxc5 14. Nc3 Nxd3 15. Qxd3 Qc6 16. Rf2 Nf5 17. Rd1 0-0 18. Kh2 Rad8 19. g4 Nxe3 20. Qxe3 d5 21. Qd3 1/2-1/2

[Event "FRA-chT U20 0809"]
[Site "Sautron"]
[Date "2009.01.02"]
[Round "6.3"]
[White "Bayart, Jules"]
[Black "Cabanes, Kim"]
[Result "0-1"]
[WhiteElo "1854"]
[BlackElo "1925"]
[PlyCount "64"]
[EventDate "2008.10.??"]
[EventType "team-tourn"]
[EventRounds "11"]
[EventCountry "FRA"]
[SourceTitle "EXT 2010"]
[Source "ChessBase"]
[SourceDate "2010.11.25"]
[SourceVersion "1"]
[SourceVersionDate "2010.11.25"]
[SourceQuality "1"]

1. e4 c6 2. Nc3 d5 3. Nf3 Bg4 4. h3 Bxf3 5. Qxf3 e6 6. a3 Nf6 7. d3 Be7 8. Be2 d4 9. Nb1 Qc7 10. Nd2 Nbd7 11. 0-0 0-0 12. c3 c5 13. cxd4 cxd4 14. Nb3 Qb6 15. Nd2 Qc7 16. Nb3 Qb6 17. Nd2 e5 18. Qg3 Qe6 19. f4 exf4 20. Qxf4 Bd6 21. Qf2 Bc5 22. Nf3 Ne5 23. Nxe5 Qxe5 24. Bf4 Qe6 25. Rac1 Bb6 26. Bg5 Nxe4 27. Bg4 Nxf2 28. Bxe6 Nxd3 29. Bc4 Nxc1 30. Be7 d3+ 31. Kh1 Ne2 32. Bxf8 Ng3+ 0-1

[Event "FRA-ch op-B"]
[Site "Pau"]
[Date "2008.08.17"]
[Round "6"]
[White "Giry, Jean Marc"]
[Black "Cabanes, Kim"]
[Result "1-0"]
[WhiteElo "1934"]
[BlackElo "1934"]
[PlyCount "85"]
[EventDate "2008.08.11"]
[EventType "swiss"]
[EventRounds "11"]
[EventCountry "FRA"]
[SourceTitle "CBM 126 Extra"]
[Source "ChessBase"]
[SourceDate "2008.11.05"]
[SourceVersion "1"]
[SourceVersionDate "2008.11.05"]
[SourceQuality "1"]

1. c4 Nf6 2. g3 c6 3. Bg2 d5 4. d4 Bf5 5. Qb3 Qb6 6. Qxb6 axb6 7. cxd5 cxd5 8. Nc3 e6 9. Nf3 Bb4 10. Bd2 Bxc3 11. bxc3 h6 12. 0-0 0-0 13. Ne5 Ne4 14. Bxe4 Bxe4 15. f3 Bh7 16. Nd3 Nd7 17. Rfb1 Ra3 18. Rb3 Rfa8 19. Rxa3 Rxa3 20. Nb4 Kf8 21. Kf2 Ke8 22. Ke1 Nb8 23. Kd1 Nc6 24. Nc2 Ra4 25. a3 Na5 26. Bc1 Rc4 27. Bd2 Nb3 28. Ra2 Bxc2+ 29. Rxc2 Nxd2 30. Kxd2 Kd7 31. Rb2 Kc6 32. Rb4 f6 33. e4 Rxb4 34. axb4 b5 35. Ke3 Kd6 36. Kf4 g5+ 37. Kg4 e5 38. Kf5 exd4 39. cxd4 dxe4 40. fxe4 Ke7 41. g4 Kf7 42. d5 b6 43. d6 1-0

[Event "Ouest Toulousain op-A 3rd"]
[Site "Tournefeuille"]
[Date "2008.02.25"]
[Round "1"]
[White "Arutinian, David"]
[Black "Cabanes, Kim"]
[Result "1-0"]
[WhiteElo "2576"]
[BlackElo "1918"]
[PlyCount "97"]
[EventDate "2008.02.25"]
[EventType "swiss"]
[EventRounds "9"]
[EventCountry "FRA"]
[SourceTitle "CBM 123 Extra"]
[Source "ChessBase"]
[SourceDate "2008.05.06"]
[SourceVersion "1"]
[SourceVersionDate "2008.05.06"]
[SourceQuality "1"]

1. d4 d5 2. c4 c6 3. Nf3 Nf6 4. Qb3 e6 5. Bg5 Be7 6. e3 0-0 7. Nc3 Nbd7 8. Rd1 Qb6 9. Qc2 Re8 10. Bd3 h6 11. Bh4 Qc7 12. 0-0 b6 13. Rc1 Qd8 14. cxd5 cxd5 15. Nb5 Rf8 16. Bg3 Ba6 17. Qa4 Bxb5 18. Qxb5 a6 19. Qc6 b5 20. a4 bxa4 21. Qxa4 Nb6 22. Qb3 Bd6 23. Ne5 Nc8 24. Rc6 a5 25. Rfc1 Nh5 26. Ba6 Nxg3 27. hxg3 Ne7 28. Bb7 Rb8 29. Rb6 Bb4 30. Rb5 Qe8 31. Qd3 f6 32. Bc6 Nxc6 33. Nxc6 Rc8 34. Rb6 Rf7 35. Rc2 Rfc7 36. Nxb4 axb4 37. Rxc7 Rxc7 38. Qd2 Ra7 39. Qe1 Qa8 40. Qxb4 Ra1+ 41. Kh2 Kh7 42. Qb5 e5 43. Qd7 Ra7 44. Qf5+ Kg8 45. dxe5 fxe5 46. Qxe5 Kh7 47. Rb8 Qc6 48. Qf5+ g6 49. Qf8 1-0

[Event "FRA-ch U10"]
[Site "Le Grand Bornand"]
[Date "2007.04.??"]
[Round "2"]
[White "Bigonnet, Jean Michel"]
[Black "Cabanes, Kim"]
[Result "0-1"]
[WhiteElo "1660"]
[BlackElo "1903"]
[PlyCount "90"]
[EventDate "2007.04.07"]
[EventType "swiss"]
[EventRounds "9"]
[EventCountry "FRA"]
[SourceTitle "CBM 118 Extra"]
[Source "ChessBase"]
[SourceDate "2007.07.04"]
[SourceVersion "1"]
[SourceVersionDate "2007.07.04"]
[SourceQuality "1"]

1. e4 c6 2. d4 d5 3. Nc3 a6 4. e5 e6 5. Bf4 c5 6. Nf3 Nc6 7. Be2 Nge7 8. 0-0 Ng6 9. Be3 Qc7 10. Re1 cxd4 11. Bxd4 Nxd4 12. Qxd4 Rb8 13. a4 Bc5 14. Qd2 0-0 15. Bd3 Rd8 16. Bxg6 hxg6 17. Nd4 Bd7 18. Qf4 Be8 19. Rad1 b5 20. axb5 axb5 21. Re3 Be7 22. Rh3 Rb6 23. Nf3 f6 24. Qh4 fxe5 25. Ng5 Bxg5 26. Qxg5 Rbb8 27. Qh4 e4 28. g4 Qe5 29. g5 b4 30. Ne2 Bb5 31. Nf4 Kf7 32. Nxg6 Kxg6 33. Qh7+ Kf7 34. g6+ Ke7 35. Qh4+ Qf6 36. Qg3 Rbc8 37. Ra1 Rd7 38. c3 bxc3 39. bxc3 Bd3 40. Qg4 Qxc3 41. Qg5+ Qf6 42. Qxf6+ Kxf6 43. Rg3 Be2 44. h4 Bh5 45. Ra6 Bf3 0-1

[Event "FRA-ch U10"]
[Site "Le Grand Bornand"]
[Date "2007.04.??"]
[Round "3"]
[White "Cabanes, Kim"]
[Black "Gueriche, Guillaume"]
[Result "1-0"]
[WhiteElo "1903"]
[BlackElo "1750"]
[PlyCount "117"]
[EventDate "2007.04.07"]
[EventType "swiss"]
[EventRounds "9"]
[EventCountry "FRA"]
[SourceTitle "CBM 118 Extra"]
[Source "ChessBase"]
[SourceDate "2007.07.04"]
[SourceVersion "1"]
[SourceVersionDate "2007.07.04"]
[SourceQuality "1"]

1. e4 e5 2. Nf3 Nc6 3. Nc3 Nf6 4. d4 exd4 5. Nd5 h6 6. Nxd4 Bc5 7. Nb5 Bb6 8. Bd3 0-0 9. Qf3 Nxd5 10. exd5 Ne5 11. Qg3 Nxd3+ 12. Qxd3 Re8+ 13. Be3 Bxe3 14. fxe3 a6 15. Nc3 Qe7 16. Kd2 Qg5 17. g3 d6 18. Rhf1 Re5 19. Rf4 f5 20. Raf1 Bd7 21. Nd1 g6 22. Kc1 b5 23. Re1 Rae8 24. Kb1 Re4 25. Ref1 Qe7 26. Rxe4 Qxe4 27. Rf4 Qxd3 28. cxd3 Re5 29. Rd4 Kf7 30. Kc2 g5 31. Kd2 g4 32. b4 Kg6 33. Nc3 Kg5 34. Rf4 h5 35. Ke2 h4 36. Kf2 hxg3+ 37. hxg3 Re8 38. e4 Rh8 39. Kg2 Re8 40. a3 Re7 41. Ne2 Re8 42. Nd4 Re5 43. Kf2 Kg6 44. Ke3 Kg5 45. Nxf5 Bxf5 46. Rxf5+ Rxf5 47. exf5 Kxf5 48. d4 Kg5 49. Ke4 Kh6 50. Kf5 Kh5 51. Kf4 Kh6 52. Kxg4 Kg6 53. Kf4 Kf6 54. g4 Kg6 55. g5 Kf7 56. Kf5 Kg7 57. g6 Kf8 58. Kf6 Kg8 59. Ke7 1-0

[Event "FRA-ch U10"]
[Site "Le Grand Bornand"]
[Date "2007.04.??"]
[Round "6"]
[White "Cabanes, Kim"]
[Black "Tassell, Pierre"]
[Result "1-0"]
[WhiteElo "1903"]
[BlackElo "1640"]
[PlyCount "43"]
[EventDate "2007.04.07"]
[EventType "swiss"]
[EventRounds "9"]
[EventCountry "FRA"]
[SourceTitle "CBM 118 Extra"]
[Source "ChessBase"]
[SourceDate "2007.07.04"]
[SourceVersion "1"]
[SourceVersionDate "2007.07.04"]
[SourceQuality "1"]

1. e4 c5 2. Nf3 e6 3. d4 cxd4 4. Nxd4 a6 5. Bd3 Qc7 6. Qe2 d6 7. 0-0 Nf6 8. c4 Nc6 9. Be3 Be7 10. Nc3 0-0 11. Kh1 b6 12. Rae1 Bb7 13. f4 Rac8 14. Nxc6 Bxc6 15. Bd2 Nd7 16. Qg4 Bf6 17. Re3 Bb7 18. e5 dxe5 19. Bxh7+ Kh8 20. Qh5 Rfd8 21. Rh3 Bh4 22. Qxh4 1-0

[Event "FRA-ch U10"]
[Site "Le Grand Bornand"]
[Date "2007.04.??"]
[Round "5"]
[White "Loiseau, Quentin"]
[Black "Cabanes, Kim"]
[Result "1-0"]
[WhiteElo "2010"]
[BlackElo "1903"]
[PlyCount "123"]
[EventDate "2007.04.07"]
[EventType "swiss"]
[EventRounds "9"]
[EventCountry "FRA"]
[SourceTitle "CBM 118 Extra"]
[Source "ChessBase"]
[SourceDate "2007.07.04"]
[SourceVersion "1"]
[SourceVersionDate "2007.07.04"]
[SourceQuality "1"]

1. e4 c6 2. d4 d5 3. Nc3 a6 4. Bd3 dxe4 5. Nxe4 Nf6 6. Qe2 Nxe4 7. Qxe4 Nd7 8. Bg5 Qa5+ 9. Bd2 Qd5 10. c4 Qxe4+ 11. Bxe4 Nf6 12. Bd3 Bg4 13. f3 Bd7 14. Ne2 e6 15. Ng3 c5 16. Be3 cxd4 17. Bxd4 Be7 18. Ke2 0-0 19. Rhd1 Bc6 20. Rac1 Rac8 21. b3 Rfe8 22. Rc2 Nd7 23. Be4 Nf8 24. f4 f5 25. Bxc6 Rxc6 26. Kf3 Kf7 27. Ne2 Bf6 28. Rcd2 Bxd4 29. Rxd4 Ke7 30. a3 Rec8 31. Ke3 R6c7 32. Ng1 Rd7 33. Nf3 Rxd4 34. Rxd4 Nd7 35. b4 b6 36. h3 Rc7 37. g4 g6 38. g5 a5 39. Ne5 Nb8 40. b5 Rc5 41. Kd3 Rc7 42. Kc3 Rc5 43. Kc2 Rc7 44. Kb3 Rc8 45. h4 Rc7 46. Rd1 Nd7 47. Nc6+ Kf7 48. Kc3 Nc5 49. Rd8 Ne4+ 50. Kd4 Nc5 51. Ke5 Ne4 52. Rh8 Kg7 53. Rb8 Rd7 54. Nd4 Nc5 55. Nxe6+ Kf7 56. Rf8+ Ke7 57. Nxc5 bxc5 58. Rc8 Rd4 59. Rxc5 Re4+ 60. Kd5 Kd7 61. b6 Re6 62. Rc7+ 1-0

[Event "FRA-ch Accession"]
[Site "Besancon"]
[Date "2006.08.21"]
[Round "6"]
[White "Cabanes, Kim"]
[Black "Pingue, Renaud"]
[Result "0-1"]
[WhiteElo "1900"]
[BlackElo "1932"]
[PlyCount "78"]
[EventDate "2006.08.15"]
[EventType "swiss"]
[EventRounds "10"]
[EventCountry "FRA"]
[SourceTitle "CBM 113 Extra"]
[Source "ChessBase"]
[SourceDate "2006.09.14"]
[SourceVersion "1"]
[SourceVersionDate "2006.09.14"]
[SourceQuality "1"]

1. d4 d5 2. Nf3 Nf6 3. Bf4 Bf5 4. c3 e6 5. e3 Bd6 6. Bg3 0-0 7. Bd3 Bg6 8. 0-0 c5 9. Bxg6 hxg6 10. Nbd2 Bxg3 11. fxg3 Nbd7 12. Qe2 Re8 13. e4 e5 14. dxc5 Nxc5 15. exd5 e4 16. Nd4 Qxd5 17. Kh1 a6 18. Nc4 Rad8 19. Ne3 Qg5 20. Ndf5 Nd3 21. h4 Qh5 22. Nd4 Qe5 23. g4 Qg3 24. h5 Qh4+ 25. Kg1 gxh5 26. Ndf5 Qg5 27. gxh5 Qxh5 28. g4 Qh3 29. g5 Nh5 30. Ng2 Ne5 31. Ngh4 Ng3 32. Nxg3 Qxg3+ 33. Qg2 Qxh4 34. Rf2 Rd3 35. Kf1 Rg3 36. Qh2 Qxh2 37. Rxh2 Rxg5 38. Ke2 Nf3 39. Rh3 Ng1+ 0-1

[Event "FRA-ch U12"]
[Site "Aix les Bains"]
[Date "2006.??.??"]
[Round "5"]
[White "Cabanes, Kim"]
[Black "Viers, Emmanuel"]
[Result "0-1"]
[WhiteElo "1800"]
[BlackElo "1691"]
[PlyCount "86"]
[EventDate "2006.04.16"]
[EventType "swiss"]
[EventRounds "9"]
[EventCountry "FRA"]
[SourceTitle "EXT 2007"]
[Source "ChessBase"]
[SourceDate "2006.11.23"]
[SourceVersion "1"]
[SourceVersionDate "2006.11.23"]
[SourceQuality "1"]

1. e4 c5 2. Nf3 Nc6 3. d4 cxd4 4. Nxd4 g6 5. c4 Bg7 6. Be3 Nf6 7. Nc3 0-0 8. Be2 d6 9. 0-0 Bd7 10. f3 Qb6 11. Na4 Qa5 12. a3 Nxd4 13. Bxd4 Bxa4 14. b3 Bc6 15. Ra2 a6 16. Qd3 b5 17. b4 Qc7 18. Rc2 Qb7 19. c5 dxc5 20. Bxc5 Rfd8 21. Qe3 e6 22. Rfc1 Rac8 23. g4 Nd7 24. Be7 Re8 25. Bd6 Be5 26. Bxe5 Nxe5 27. Qf4 Nc4 28. Bxc4 bxc4 29. Rxc4 Bb5 30. Rc7 Rxc7 31. Rxc7 Qb6+ 32. Kg2 Rf8 33. h4 Qd4 34. h5 Qb2+ 35. Kg3 Bf1 36. Kh4 Qf2+ 37. Kg5 Qd4 38. Rc2 h6+ 39. Kxh6 Qg7+ 40. Kg5 f6+ 41. Kh4 g5+ 42. Kg3 gxf4+ 43. Kxf4 Qg5+ 0-1

[Event "Wch U10"]
[Site "Belfort"]
[Date "2005.07.25"]
[Round "7"]
[White "Cabanes, Kim"]
[Black "Kafetzis, Georgios"]
[Result "1-0"]
[WhiteElo "1599"]
[BlackElo "1599"]
[PlyCount "79"]
[EventDate "2005.07.19"]
[EventType "swiss"]
[EventRounds "11"]
[EventCountry "FRA"]
[SourceTitle "CBM 107 Extra"]
[Source "ChessBase"]
[SourceDate "2005.09.01"]
[SourceVersion "1"]
[SourceVersionDate "2005.09.01"]
[SourceQuality "1"]

1. e4 c5 2. Nf3 e6 3. d4 cxd4 4. Nxd4 Nf6 5. Bd3 Nc6 6. Nxc6 bxc6 7. 0-0 Bc5 8. e5 Nd5 9. Qg4 Bf8 10. c4 Nb4 11. Be4 d5 12. a3 Qa5 13. Bf3 Nd3 14. Bd2 Qb6 15. Bc3 Nxb2 16. Nd2 Nd3 17. Be2 Nc5 18. Rab1 Qc7 19. Kh1 g6 20. f4 Bg7 21. Rf3 Nd7 22. Bb4 c5 23. Bc3 d4 24. Bb2 Bb7 25. Rb3 0-0 26. Bf3 Nb6 27. Bxb7 Qxb7 28. Bxd4 Rfd8 29. Be3 Qa6 30. Ne4 Qxc4 31. Nf6+ Kh8 32. Qh4 h6 33. h3 Nd5 34. Bf2 Nxf6 35. exf6 Bf8 36. Rb7 Kg8 37. Qg3 Bd6 38. Be3 g5 39. Qg4 Bxf4 40. Qh5 1-0

[Event "Wch U10"]
[Site "Belfort"]
[Date "2005.07.25"]
[Round "8"]
[White "Srbis, Jurica"]
[Black "Cabanes, Kim"]
[Result "0-1"]
[WhiteElo "1599"]
[BlackElo "1599"]
[PlyCount "82"]
[EventDate "2005.07.19"]
[EventType "swiss"]
[EventRounds "11"]
[EventCountry "FRA"]
[SourceTitle "CBM 107 Extra"]
[Source "ChessBase"]
[SourceDate "2005.09.01"]
[SourceVersion "1"]
[SourceVersionDate "2005.09.01"]
[SourceQuality "1"]

1. e4 c6 2. d4 d5 3. e5 c5 4. dxc5 e6 5. Be3 Nd7 6. Nf3 Qc7 7. Bd4 Bxc5 8. c3 Ne7 9. Bd3 Ng6 10. b4 Be7 11. Bxg6 hxg6 12. 0-0 0-0 13. Qd3 b6 14. Nbd2 a5 15. Rfc1 Ba6 16. b5 Bb7 17. a4 Nc5 18. Qb1 g5 19. Nb3 Nd7 20. h3 Qd8 21. Ne1 f6 22. exf6 Bxf6 23. Nf3 e5 24. Be3 Re8 25. Qg6 Nf8 26. Qh5 g6 27. Qh6 d4 28. cxd4 Bxf3 29. dxe5 Rxe5 30. gxf3 Bg7 31. Qxg7+ Kxg7 32. Bd4 Nd7 33. Re1 Qb8 34. Rxe5 Nxe5 35. Re1 Kf6 36. Nd2 Kf5 37. Rxe5+ Qxe5 38. Bxe5 Kxe5 39. Nc4+ Kd4 40. Ne3 Kc5 41. Kf1 Rd8 0-1

[Event "Marseille op"]
[Site "Marseille"]
[Date "2005.06.??"]
[Round "2"]
[White "Cabanes, Kim"]
[Black "Humeau, Cyril"]
[Result "0-1"]
[WhiteElo "1760"]
[BlackElo "2086"]
[PlyCount "78"]
[EventDate "2005.06.??"]
[EventType "swiss"]
[EventRounds "9"]
[EventCountry "FRA"]
[SourceTitle "EXT 2006"]
[Source "ChessBase"]
[SourceDate "2005.11.24"]
[SourceVersion "1"]
[SourceVersionDate "2005.11.24"]
[SourceQuality "1"]

1. e4 e5 2. Nf3 Nc6 3. Nc3 Nf6 4. Bb5 Nd4 5. Bc4 Nxf3+ 6. Qxf3 d6 7. h3 Be7 8. 0-0 0-0 9. d3 c6 10. a3 b5 11. Ba2 a5 12. Be3 Qc7 13. d4 b4 14. Na4 exd4 15. Bxd4 Ba6 16. Rfe1 c5 17. Be3 Bb5 18. b3 Bc6 19. Bf4 Qb7 20. Qg3 Nxe4 21. Qg4 Bf6 22. Rad1 Bxa4 23. bxa4 Nc3 24. Rxd6 Be7 25. Rd7 Qc6 26. Rexe7 Nxa2 27. Be5 Qg6 28. Qxg6 hxg6 29. Bb2 c4 30. Rc7 c3 31. Ba1 Rad8 32. Rcd7 bxa3 33. Kf1 Rxd7 34. Rxd7 Rb8 35. Rd1 Rb2 36. Ke2 Rxc2+ 37. Kd3 Nb4+ 38. Kc4 Rd2 39. Rc1 c2 0-1

[Event "FRA-chT U20a 0405"]
[Site "France"]
[Date "2005.05.15"]
[Round "10.8"]
[White "Labatut, Kim"]
[Black "Cabanes, Kim"]
[Result "0-1"]
[WhiteElo "1510"]
[BlackElo "1730"]
[PlyCount "58"]
[EventDate "2004.11.19"]
[EventType "team"]
[EventRounds "11"]
[EventCountry "FRA"]
[SourceTitle "EXT 2006"]
[Source "ChessBase"]
[SourceDate "2005.11.24"]
[SourceVersion "1"]
[SourceVersionDate "2005.11.24"]
[SourceQuality "1"]

1. e4 c6 2. d4 d5 3. e5 c5 4. c3 Bf5 5. Nf3 e6 6. Bb5+ Nc6 7. Be3 Qb6 8. a4 a6 9. Bxc6+ bxc6 10. b3 Rb8 11. Nbd2 Bd3 12. a5 Qb5 13. dxc5 Bxc5 14. Bxc5 Qxc5 15. Rc1 Qxa5 16. c4 dxc4 17. bxc4 Ne7 18. Ra1 Qb4 19. Ra4 Qc3 20. Ra1 0-0 21. Rc1 Qb4 22. Ra1 a5 23. Nd4 Rfd8 24. Nc2 Qc5 25. Ra3 Qxe5+ 26. Ne3 f5 27. Rxd3 Rxd3 28. 0-0 Rbd8 29. Qb1 Rxd2 0-1

[Event "FRA-ch U10"]
[Site "Calvi"]
[Date "2005.04.23"]
[Round "8"]
[White "Cabanes, Kim"]
[Black "Neri, Jean Baptiste"]
[Result "1/2-1/2"]
[WhiteElo "1830"]
[BlackElo "1560"]
[PlyCount "109"]
[EventDate "2005.04.??"]
[EventType "swiss"]
[EventRounds "9"]
[EventCountry "FRA"]
[SourceTitle "EXT 2006"]
[Source "ChessBase"]
[SourceDate "2005.11.24"]
[SourceVersion "1"]
[SourceVersionDate "2005.11.24"]
[SourceQuality "1"]

1. e4 e6 2. d4 d5 3. Nd2 Nf6 4. e5 Nfd7 5. Bd3 c5 6. c3 Nc6 7. Ne2 cxd4 8. cxd4 f6 9. exf6 Nxf6 10. Nf3 Bd6 11. 0-0 Qc7 12. Nc3 a6 13. a3 0-0 14. Be3 g6 15. h3 Qg7 16. Qd2 Re8 17. b4 Bd7 18. Rfe1 Rac8 19. Rac1 b5 20. Bh6 Qh8 21. Qg5 Ne7 22. Nh4 Kf7 23. g4 Rg8 24. Nf3 Nh5 25. Ne5+ Ke8 26. Kh1 Nf6 27. Ne2 Rxc1 28. Rxc1 Nc8 29. f4 Ke7 30. Ng3 Na7 31. Qh4 Be8 32. f5 Bf7 33. Nxf7 Kxf7 34. fxe6+ Kxe6 35. Re1+ Kd7 36. Bg5 Ne8 37. Ne2 h6 38. Qxh6 Qxh6 39. Bxh6 g5 40. Bf5+ Kd8 41. Nc3 Nc7 42. Be6 Rg6 43. Bxg5+ Rxg5 44. h4 Rg6 45. Bf5 Rf6 46. h5 Nc6 47. Ne2 Ne6 48. Nc3 Nexd4 49. Nxd5 Rf8 50. Bg6 Ne5 51. Rd1 Nxg6 52. Rxd4 Ne7 53. Nc3 Kc7 54. Ne4 Be5 55. Rd1 1/2-1/2

[Event "FRA-chT U20 0405"]
[Site "Lyon"]
[Date "2004.12.18"]
[Round "4.8"]
[White "Antonnucci, Nicolas"]
[Black "Cabanes, Kim"]
[Result "0-1"]
[WhiteElo "1520"]
[BlackElo "1730"]
[PlyCount "80"]
[EventDate "2004.11.??"]
[EventType "team"]
[EventRounds "7"]
[EventCountry "FRA"]
[SourceTitle "EXT 2006"]
[Source "ChessBase"]
[SourceDate "2005.11.24"]
[SourceVersion "1"]
[SourceVersionDate "2005.11.24"]
[SourceQuality "1"]
[WhiteTeam "Mulhouse"]
[BlackTeam "Montpellier"]
[WhiteTeamCountry "FRA"]
[BlackTeamCountry "FRA"]

1. e4 c6 2. Nf3 d5 3. exd5 cxd5 4. d4 Bg4 5. h3 Bxf3 6. Qxf3 Nc6 7. Bb5 e6 8. 0-0 Nf6 9. Be3 Bd6 10. Re1 0-0 11. Nd2 Qb6 12. Bxc6 bxc6 13. Rab1 Nd7 14. Qg4 Kh8 15. c4 Nf6 16. Qf3 c5 17. Nb3 dxc4 18. dxc5 Qb8 19. Na5 Qb5 20. Nb7 Bc7 21. Nd6 Bxd6 22. cxd6 Qd5 23. Qxd5 exd5 24. Red1 Rfd8 25. Bd4 Ne4 26. Bc3 Nxc3 27. bxc3 Rxd6 28. Rb7 Kg8 29. Rdb1 h6 30. Rb8+ Rxb8 31. Rxb8+ Kh7 32. Rb7 Ra6 33. Rxf7 Rxa2 34. Kf1 Ra3 35. Rf3 a5 36. Ke2 a4 37. Kd2 Rb3 38. Re3 Rb2+ 39. Kc1 Rxf2 40. g4 a3 0-1

[Event "FRA-chT U20 0405"]
[Site "Lyon"]
[Date "2004.12.18"]
[Round "4.10"]
[White "Cabanes, Kim"]
[Black "Paci, Nicolas"]
[Result "1-0"]
[WhiteElo "1730"]
[BlackElo "1510"]
[PlyCount "49"]
[EventDate "2004.11.??"]
[EventType "team"]
[EventRounds "7"]
[EventCountry "FRA"]
[SourceTitle "EXT 2006"]
[Source "ChessBase"]
[SourceDate "2005.11.24"]
[SourceVersion "1"]
[SourceVersionDate "2005.11.24"]
[SourceQuality "1"]
[WhiteTeam "Montpellier"]
[BlackTeam "Mulhouse"]
[WhiteTeamCountry "FRA"]
[BlackTeamCountry "FRA"]

1. e4 c5 2. Nf3 d6 3. d4 cxd4 4. Nxd4 Nf6 5. Nc3 e6 6. Be2 Be7 7. 0-0 0-0 8. Be3 Nc6 9. f4 a6 10. a4 Qc7 11. Kh1 b6 12. Nb3 Bb7 13. Bf3 Rac8 14. g4 h6 15. h4 Rfd8 16. g5 hxg5 17. hxg5 Nh7 18. Bg2 e5 19. Qh5 f6 20. Nd5 Qb8 21. g6 Nf8 22. Bxb6 Rd7 23. Rf3 exf4 24. Rh3 Ne5 25. Qh8# 1-0

[Event "FRA-chT U20 0405"]
[Site "France"]
[Date "2004.11.21"]
[Round "3.7"]
[White "Barbier, Alex"]
[Black "Cabanes, Kim"]
[Result "0-1"]
[WhiteElo "1070"]
[BlackElo "1730"]
[PlyCount "56"]
[EventDate "2004.11.20"]
[EventType "team"]
[EventRounds "11"]
[EventCountry "FRA"]
[SourceTitle "CBM 103 Extra"]
[Source "ChessBase"]
[SourceDate "2005.01.01"]
[SourceVersion "1"]
[SourceVersionDate "2005.01.01"]
[SourceQuality "1"]

1. e4 c6 2. Nf3 d5 3. exd5 cxd5 4. d4 a6 5. a4 Nc6 6. Nc3 Nf6 7. Be2 Bf5 8. 0-0 e6 9. Bf4 Bb4 10. Bd3 Bg6 11. Bxg6 hxg6 12. Ne5 Nh5 13. Nxc6 bxc6 14. Bd2 Qh4 15. h3 Qxd4 16. Qe2 Ng3 17. Qd3 Qxd3 18. cxd3 Nxf1 19. Rxf1 0-0 20. Bf4 f6 21. Ne2 e5 22. Bc1 a5 23. d4 c5 24. dxc5 Bxc5 25. Rd1 d4 26. b3 Rad8 27. Ng3 Bb4 28. Kf1 f5 0-1